Widok standardowy
Widok MARC
Pozycja Corporate Name
Liczba rekordów, w których użyto hasła: 2
001 - Numer kontrolny
- control field: 39674
003 - Identyfikator numeru kontrolnego
- control field: NUKAT
005 - Data i czas ostatniej modyfikacji
- control field: 20260408144713.0
008 - Dane kontrolne kodowane (40 znaków)
- fixed length control field: 121126n||a|znnaabn |a ana |c
010 ## - Numer kontrolny Biblioteki Kongresu
- numer kontrolny LC: n 2013212641
024 7# - OTHER STANDARD IDENTIFIER
- Standard number or code: 298740402
- Source of number or code: viaf
040 ## - Instytucja sporządzająca rekord
- inst. przygot. dane do rek. khw: WA U/MJsynat
- język haseł przedmiotowych/tezaurus: kaba
- inst. wprow. rek. khw: WA U/MJ
- inst. modyf. rek. khw: SIEDL 001/WST
- inst. modyf. rek. khw: WA 959/TT
110 2# - Hasło - nazwa ciała zbiorowego
- nazwa ciała zbior. lub geogr. na pocz.: Wydawnictwo im. Stefana Kardynała Wyszyńskiego "Soli Deo".
410 2# - Trop zob. - nazwa ciała zbiorowego
- nazwa ciała zbior. lub geogr. na pocz.: Soli Deo.
410 2# - Trop zob. - nazwa ciała zbiorowego
- nazwa ciała zbior. lub geogr. na pocz.: Wydawnictwo im. Kardynała Wyszyńskiego.
410 2# - Trop zob. - nazwa ciała zbiorowego
- nazwa ciała zbior. lub geogr. na pocz.: Wydawnictwo im. Stefana Kard. Wyszyńskiego Soli Deo.
670 ## - Źródło informacji
- źródło informacji: Włocławskie dzieje ks. Stefana Wyszyńskiego 1917-1946 / Piotr Nitecki. - Warszawa, cop. 2008.
- gdzie znaleziono informację: (Soli Deo)
670 ## - Źródło informacji
- źródło informacji: Wydawnictwo im. Stefana Kardynała Wyszyńskiego "Soli Deo", 22.02.13
- gdzie znaleziono informację: (Wydawnictwo im. Stefana Kardynała Wyszyńskiego "Soli Deo")
- adres internetowy: http://www.wyszynskiprymas.pl/wydawnictwo.html
670 ## - Źródło informacji
- źródło informacji: BN ISBN online
- gdzie znaleziono informację: (Wydawnictwo im. Stefana Kardynała Wyszyńskiego SOLI DEO )
670 ## - Źródło informacji
- źródło informacji: Nie było miejsca dla Ciebie Chryste w naszej szkole ZSR Miętne. - [Warszawa, post 2009].
- gdzie znaleziono informację: (Wydawnictwo im. Kardynała Wyszyńskiego)
670 ## - Źródło informacji
- źródło informacji: Kp. Stefan Wyszyński - bieg życia / opracowanie redakcyjne Instytut Prymasowski Ślubów Narodu ; Sekretariat Prymasa Polski. - Warszawa, 1991.
- gdzie znaleziono informację: S. tyt.: (Wydawnictwo im. Stefana Kard. Wyszyńskiego Soli Deo)